| 000 | 00604nam a2200121Ia 4500 | ||
|---|---|---|---|
| 008 | 220615s9999||||xx |||||||||||||| ||und|| | ||
| 245 | 4 |
_aThe Value of Hawaiʻi 3 _bHulihia, the Turning |
|
| 546 | _aEnglish[eng] | ||
| 650 | _aSocial Science||Indigenous Studies||Social Science||Regional Studies||History||United States||State & Local||West (ak, Ca, Co, Hi, Id, Mt, Nv, Ut, Wy) | ||
| 700 | _aGoodyear-Ka‘Åpua, Noelani||Howes, Craig||Osorio, Jonathan Kay KamakawiwoÊ»ole||Yamashiro, Aiko | ||
| 856 | _uhttps://library.oapen.org/bitstream/20.500.12657/47568/1/external_content.epub | ||
| 942 | _cEB | ||
| 999 |
_c10671 _d10671 |
||